• 首页
  • 本馆介绍
  • 公告通知
  • 最新文献
  • 馆藏检索
  • 电子资源
  • 读者导购
  • 参考咨询
  • 我的图书馆
  • 登录
  • 详细信息显示
  • 放入我的书架
  • 预约/预借图书
  • 作者相关作品
  • 分类相关作品
  • 丛书相关作品
  • 出版社相关作品

书目信息

  • 表格格式
  • 工作单格式
  • 卡片格式
题名:
水利工程设计与建设
    
 
作者: 贺芳丁 , 从容 , 孙晓明 主编
分册:  
出版信息: 长春   吉林科学技术出版社  2020
页数: 257页
开本: 26cm
丛书名:
单 册:
中图分类: TV222 , TV
科图分类:
主题词: 水利工程--设计 , 水利建设
电子资源:
ISBN: 978-7-5578-6960-1
000 00853nam0 2200265 450
001 2349194962
005 20231205134004.33
010    @a978-7-5578-6960-1@dCNY70.00
100    @a20210129d2020 em y0chiy50 ea
101 0  @achi
102    @aCN@b220000
105    @aa z 000yy
200 1  @a水利工程设计与建设@Ashui li gong cheng she ji yu jian she@f贺芳丁,从容,孙晓明主编
210    @a长春@c吉林科学技术出版社@d2020
215    @a257页@c图@d26cm
330    @a本书共十一章,包括水利工程水文、水利工程规划与设计、土石坝、水闸、拱坝、重力坝、爆破工程、混凝土工程等内容。
606 0  @a水利工程@x设计
606 0  @a水利建设
690    @aTV222@v5
690    @aTV@v5
701  0 @a贺芳丁@Ahe fang ding@4主编
701  0 @a从容@Acong rong@4主编
701  0 @a孙晓明@Asun xiao ming@4主编
801  0 @aCN@b91MARC@c20210501
905    @aZUCC@dTV222@e1
    
    水利工程设计与建设/贺芳丁,从容,孙晓明主编.-长春:吉林科学技术出版社,2020
    257页:图;26cm
    
    
    ISBN 978-7-5578-6960-1:CNY70.00
    本书共十一章,包括水利工程水文、水利工程规划与设计、土石坝、水闸、拱坝、重力坝、爆破工程、混凝土工程等内容。
●
相关链接 在五车中查询图书 在当当中查询图书 在豆瓣中查询图书


正题名:水利工程设计与建设     索取号:TV222/1         预约/预借

序号 登录号 条形码 馆藏地/架位号 状态 备注
1 2001266389   2001266389   辽宁北方(第一批)/辽宁北方(第一批)/300/ [索取号:TV222/1] 在馆    
2 2001266390   2001266390   辽宁北方(第一批)/辽宁北方(第一批)/300/ [索取号:TV222/1] 在馆    
3 2001266391   2001266391   辽宁北方(第一批)/辽宁北方(第一批)/300/ [索取号:TV222/1] 在馆    
4 2001266392   2001266392   辽宁北方(第一批)/辽宁北方(第一批)/300/ [索取号:TV222/1] 在馆    
5 2001266393   2001266393   辽宁北方(第一批)/辽宁北方(第一批)/300/ [索取号:TV222/1] 在馆    
6 2001266394   2001266394   辽宁北方(第一批)/辽宁北方(第一批)/300/ [索取号:TV222/1] 在馆    
山东省滨州职业学院图书馆 欢迎您!
大连网信软件有限公司© 版权所有